Evénements du 24 juin - Statistiques

Statistiques générales
  • Ce quiz a été pris 30 fois
  • Le résultat moyen est 10 sur 15
Statistiques - réponses
Hint Réponse % Correct
Adoption de la Constitution de l'an I 1793
91%
Naissance de Jean-Luc Delarue 1964
91%
Début du blocus de Berlin 1948
83%
Début de la chaine LCI 1994
83%
La Grande armée passe le Niémen 1812
74%
Naissance du général Lazare Hoche 1768
70%
Naissance du réalisateur Claude Chabrol 1930
70%
1er cas de peste noire en Angleterre 1348
65%
Mort de Lucrèce Borgia 1519
61%
Début de mutinerie sur le cuirassé Potemkine 1905
61%
Victoire de Solferino 1859
57%
Naissance de Juan Manuel Fangio 1911
52%
Jean-Loup Chrétien, 1er Français dans l'espace 1982
52%
Manifestation à Paris en faveur de l'école libre 1984
52%
Ordonnance d'expulsion des juifs de France 1322
48%
Aucun quiz correspondant
Distribution des résultats
% des personnes avec chaque résultat
Percentile par nombre de réponses
Votre historique - résultats
Vous n’avez pas pris ce quiz